| 000 | 00506nam a22001817a 4500 | ||
|---|---|---|---|
| 005 | 20251108172104.0 | ||
| 008 | 250721s1986 xx 000 0 ara d | ||
| 082 | 1 | 4 | _a551.4/متو |
| 100 | 1 | _aمتولي، محمد | |
| 245 | 1 | 0 | _aوجه الأرض / |
| 250 | _aط8 | ||
| 264 | 1 |
_aالقاهرة : _bالهيئة المصرية العامة للكتاب، _c1986. |
|
| 300 | _a525ص | ||
| 650 | 1 | 7 | _aالجغرافيا الطبيعية |
| 650 | 1 | 7 | _aالأرض |
| 942 |
_2ddc _cBK |
||
| 999 |
_c70173 _d70173 |
||